banner-ar

الزواج السرى : (Record no. 66219)

MARC details
000 -الفاتح
حقل البيانات ثابتة الطول 01037nam a22002777a 4500
005 - وقت وتاريخ اخر تعامل مع التسجيلة
رقم الضبط 20240530110906.0
008 - عناصر البيانات ثابتة الطول - معلومات عامة
حقل البيانات ثابتة الطول 220228s2006 ua g 000 0 ara d
017 ## - رقم الايداع القانونى
رقم الايداع القانونى 2005/9907
المصدر ( الهيئة المختصة) مصر. دار الكتب
020 ## - الرقم الدولى المعيارى للكتب
الرقم الدولى المعيارى للكتاب 9773561216
040 ## - مصدر الفهرسة
وكالة الفهرسة الأصلية EG-CaGPL
وكالة النسخ EG-CaGPL
082 04 - رقم تصنيف ديوى العشرى
رقم الطبعة 21
رقم التصنيف 306.84/
رقم المادة ن ز
100 0# - المدخل الرئيسى - إسم شخصى
الإسم الشخصى نادية منصور
245 12 - بيان العنوان
العنوان الزواج السرى :
بقية العنوان ظاهرة الزواج العرفى : اسبابة والاثار المترتبة علية /
بيان المسئوليه,etc نادية منصور
250 ## - بيان الطبعة
بيان الطبعة ط.1
260 ## - PUBLICATION, DISTRIBUTION, ETC. (IMPRINT)
تاريخ النشر أو التوزيع 2006.
300 ## - الوصف المادى
التعداد 128 ص. ؛
أبعاد الوعاء 19 سم.
650 07 - المدخل الاضافى بالموضوع-مصطلح موضوعى
مصدر الرأس أو المصطلح qrmak
مصطلح موضوعي الزواج
650 07 - المدخل الاضافى بالموضوع-مصطلح موضوعى
مصدر الرأس أو المصطلح qrmak
مصطلح موضوعي الاحوال الشخصية
650 07 - المدخل الاضافى بالموضوع-مصطلح موضوعى
مصدر الرأس أو المصطلح qrmak
مصطلح موضوعي الزواج
التقسيم الفرعي العام قوانين وتشريعات
650 07 - المدخل الاضافى بالموضوع-مصطلح موضوعى
مصدر الرأس أو المصطلح qrmak
مصطلح موضوعي الزواج العرفى
651 ## - المدخل الاضافى بالموضوع - اسم جغرافى
مصدر الرأس أو المصطلح qrmak
653 0# - مصطلح تكشيفى غير مقيد
مصطلح غير مقيد الزواج السرى - اسبابة
653 0# - مصطلح تكشيفى غير مقيد
مصطلح غير مقيد الزواج السرى - اثارة
942 ## - عناصر المدخل الإضافي( كوها)
مصدر التصنيف او مخطط الترفيف Dewey Decimal Classification
Koha [default] item type كتاب
260 ## - PUBLICATION, DISTRIBUTION, ETC. (IMPRINT)
-- القاهرة :
-- هلا للنشر والتوزيع،
Holdings
حالة التراجع حالة الفقد حالة تلف ليس للاعارة المكان المؤقت الموقع الحالى موقع الترفيف تاريخ الاكتساب اجمالي اﻻعارات رقم الطلب الباركود تاريخ اخر مشاهدة تاريخ تفعيل السعر نوع وعاء كوها
        مكتبة القاهرة الكبرى مكتبة القاهرة الكبرى ق الرئيسية_العلوم الاجتماعية_ك عربى 02/28/2022   306.84/ ن ز 167495 02/28/2022 02/28/2022 كتاب

Powered By

EGPV